[Event "Tata Steel-A 78th"]
[Site "Wijk aan Zee"]
[Date "2016.01.30"]
[Round "12"]
[White "Ding, Liren"]
[Black "Eljanov, Pavel"]
[Result "1-0"]
[WhiteElo "2766"]
[BlackElo "2760"]
[Annotator "Mokal,P"]
[PlyCount "75"]
[EventDate "2016.01.16"]
[EventType "tourn"]
[EventRounds "13"]
[EventCountry "NED"]
[EventCategory "20"]
[SourceTitle "CBM 171"]
[Source "ChessBase"]
[SourceDate "2016.03.14"]
[SourceVersion "2"]
[SourceVersionDate "2016.03.14"]
[SourceQuality "1"]

1. d4 Nf6 2. c4 e6 3. Nf3 b6 4. g3 Bb4+ 5. Bd2 Be7 6. Nc3 Bb7 7. Bg2 c6 8. O-O
(8. e4 d5 {is a popular line that was also seen in the 5th game of the World
Championship match between Anand and Carlsen in 2014.} 9. exd5 cxd5 10. Ne5 O-O
11. O-O Nc6 12. cxd5 $1 Nxe5 13. d6 $1 $14 {½-½ Anand,V (2792)-Carlsen,M 
(2863)/Sochi 2014 (39)}) 8... d5 9. Qb3 {White can use different move orders
here to play Bf4, Qb3, Rac1, Rfd1 etc.} O-O 10. Rfd1 {The more common move in
this position has been 10.Bf4.} ({White could also start with} 10. Rac1 Nbd7
11. Rfd1 {transposing to the game.}) 10... Nbd7 11. Rac1 Rc8 {The most natural
move, preparing ...c5.} 12. Ne1 $5 $146 {[%cal Ge1d3,Ge2e4] An interesting and
slightly provocative novelty. White takes his N to the back rank when Black
seems all set to counter in the centre with c5. On the other hand White does
make sure that the B on g2 keeps its eyes open to take possible advantage of
the pin that it might exert. The N on e1 can also move quickly to d3 to have a
look at whatever is happening on the c5-square. And last but not least, White
prepares to play e4 as well.} ({Ding Liren had previously played the position
with} 12. Bg5 {albeit from a slightly different move order of 11.Bg5 Rc8 12.
Rac1. The game had continued} h6 13. Bxf6 $5 (13. Bf4 Nh5 14. Be3 Nhf6 15. h3
Ba6 16. Nd2 Bd6 17. cxd5 $5 Nxd5 18. Nce4 Bb8 19. Nc4 Qe7 (19... f5 $1) 20. Bd2
e5 $11 {½-½ Tkachiev,V (2644)-Delchev,A (2596)/Istanbul 2012 (52)}) 13...
Bxf6 14. e4 dxc4 15. Qxc4 c5 16. d5 exd5 17. Nxd5 Bxb2 18. Rb1 Bd4 $8 19. Nxd4
cxd4 20. Qxd4 $14 {1/2-1/2 Ding,L (2749)-Bruzon Batista,L (2669)/Danzhou 2015/
CBM 167 (40)}) 12... dxc4 ({The first reaction that comes to mind is} 12... c5
{and it is likely to be this move that decides the future prospects of White's
novelty.} 13. cxd5 (13. dxc5 $6 Nxc5 {[%cal Gc5b3,Gc5b7,Gd5c4] is good for
Black who unpins the d5-P.}) (13. Bg5 cxd4 14. Rxd4 h6 15. cxd5 Nc5 16. Qd1
hxg5 17. d6 e5 18. Rd2 (18. dxe7 Qxe7 19. Rd2 g4 $36) 18... Bxd6 19. Rxd6 Qe7
$132) 13... c4 (13... exd5 $6 14. Nxd5 Bxd5 15. Bxd5 cxd4 16. Bg2 $36 {is a
nice ^^ advantage for White with Black's weak isolani on d4.}) (13... cxd4 $5
14. d6 {[%cal Gd6e7,Gg2b7]} (14. dxe6 $2 Nc5 15. exf7+ Rxf7 $17) 14... Bxg2 (
14... Nc5 15. dxe7 Qxe7 16. Qa3 Bxg2 17. Nxg2 dxc3 18. Bxc3 $14) 15. dxe7 Qxe7
16. Kxg2 (16. Nxg2 $5 dxc3 17. Bxc3) 16... dxc3 17. Bxc3 $14 {is a very slight
edge for White.}) 14. Qc2 (14. Qa4 exd5 15. Nf3 (15. Qxa7 $6 Bc6 {[%cal Gc8a8]}
16. Bf4 g5 $1 17. Be5 Nxe5 18. dxe5 Ra8 19. Qxa8 Qxa8 20. exf6 Bxf6 $17) 15...
a6 16. Qc2 b5 $132 {This does not look like anything special for White.}) 14...
Nxd5 (14... exd5 15. Nf3 {[%cal Gf3e5,Gf3h4,Gh4f5]}) 15. e4 (15. Nxd5 exd5 $11
{also looks ok for Black.}) 15... Nxc3 16. Bxc3 b5 {needs testing.}) 13. Qxc4
b5 14. Qb3 (14. Qd3 {[%csl Re1][%cal Gd8b6] would make the N on e1 unhappy,
and it does not prepare for the upcoming ...Qb6.}) 14... Qb6 15. Bg5 $1 {
This is a nice move with the hidden agenda of diverting either the e7-B from
controlling c5, or the d7-N from supporting the Q (so that ...a6 is
discouraged).} (15. Nd3 $5 a6 (15... c5 $2 {[%csl Rb5]}) (15... h6 16. Be3 Ng4
17. Ne4 Nxe3 18. fxe3) (15... Qxd4 16. Be3 Qc4 (16... Qg4 17. Nxb5 $16) 17.
Nxb5 $1 Qxb3 18. axb3 cxb5 19. Bxb7 $16) 16. Be3 (16. a4 $5 c5 17. dxc5 (17.
Bxb7 c4 $17) 17... Nxc5 18. Nxc5 Bxg2 19. Kxg2 Bxc5 $132 {[%csl Rf2]}) (16. e4
$6 c5 $132) 16... Ng4 (16... c5 $2 17. dxc5 (17. Na4 Qa7 18. Naxc5 Bxg2 19.
Kxg2 $14) 17... Nxc5 18. Nxc5 Bxg2 (18... Bxc5 19. Bxc5 Rxc5 20. Na4 $18) 19.
Nd7 $1 Qb7 20. Nxf8 Bxf8 21. f3 Bh3 22. Na4 $18) (16... Nd5 17. Ne4 $5 $14 {
[%csl Gc5]} (17. Nc5 $14)) 17. Ne4 $5 Nxe3 18. fxe3 $14) 15... h6 (15... a6 16.
Bxf6 (16. Nd3 Qxd4 17. Nf4 Qb4 $13) 16... gxf6 $5 {[%cal Gd7b6,Ge7c5]} (16...
Bxf6 17. Ne4 $14) (16... Nxf6 17. Na4 $14) 17. Nd3 $14 (17. Ne4 f5 18. Nc5 Nxc5
19. dxc5 Bxc5)) 16. Bxf6 Nxf6 (16... Bxf6 17. Ne4 Be7 18. Nd3 $14 {[%csl Rc5]})
(16... gxf6 17. Nd3 $14) 17. e3 (17. Nd3 $5 Rfd8 (17... Nd5 18. Ne4 $14 Qxd4 $2
19. Ndc5 $18) (17... Qxd4 18. Nxb5 cxb5 19. Bxb7 Rxc1 20. Rxc1 Qb6 21. Bf3 $14)
18. e3 $14 {[%csl Rc5]} a6 $6 19. Na4 $16) 17... c5 $6 {When faced with a
choice of positional suffering or material, Eljanov chooses the latter.
Unfortunately, the compensation is hard to come by.} ({But one cannot really
blame Black as the position after} 17... a6 18. Nd3 {[%csl Rb7,Gc5,Ge5][%cal
Gc3a4,Ga4c5,Gd3c5,Gd3e5]} Nd7 (18... c5 $2 19. Na4 Qa7 20. Naxc5 $16) 19. Ne4
$14 {[%csl Gc5] would also be a torture for him.} {It is important that} c5 $2
{is prevented.} 20. Nexc5 Nxc5 21. dxc5 $18) 18. Bxb7 Qxb7 19. Qxb5 Qxb5 20.
Nxb5 a6 21. Nc3 $16 {White is a healthy pawn up and it would need serious
blunders for him to mess it up from here on.} cxd4 22. exd4 ({White could have
also opted for} 22. Rxd4 $5 {but he needed to work out} Nd5 23. Ra4 $16 ({
And avoid the traps that were set for} 23. Nxd5 $2 Rxc1 24. Nxe7+ Kh7 25. Kf1
Rc7 $11) ({or} 23. Nd3 $2 Bf6 24. Nxd5 Rxc1+ 25. Nxc1 Bxd4 26. Ne7+ Kh7 27.
exd4 Re8 28. Nc6 Rc8 $19)) 22... Rfd8 23. Nf3 Rc4 24. Kf1 (24. Kg2 $5) 24... g5
25. h3 Rb4 26. Rc2 (26. b3 $5 $16) 26... Kg7 27. b3 Nd5 28. Na4 Rb5 29. Rdd2 {
Ding Liren moves cautiously and comfortably, giving nothing away.} Bf6 30. Rc6
Nb4 31. Rc7 Rf5 (31... h5 32. Nc5 $16 {[%csl Re6][%cal Gc5e6]}) 32. Kg2 Rd6 33.
Nc5 a5 34. Ra7 Bd8 35. Ne4 Rc6 (35... Rdd5 36. g4 Rf4 37. Ng3 $18) 36. Ne5 Rc7
37. Ra8 Bf6 (37... Be7 38. g4 Rf4 39. Ng3 $18 {[%csl Rf4][%cal Gg3h5]}) 38. Nd6
{With this win, Ding Liren brought himself up to just a point short of the
leader Magnus Carlsen, so that a win against him in the last round could give
him a chance to tie for first. Although that was not to happen, to reach this
theoretical situation was in itself a notable performance by the Chinese
prodigy.} 1-0

[Event "GER-ARM"]
[Site "Baden-Baden"]
[Date "1996.??.??"]
[Round "3"]
[White "Hertneck, Gerald"]
[Black "Anastasian, Ashot"]
[Result "1-0"]
[WhiteElo "2565"]
[BlackElo "2550"]
[Annotator "Mowsziszian,K"]
[PlyCount "79"]
[EventDate "1996.07.31"]
[EventType "match"]
[EventRounds "4"]
[EventCountry "GER"]
[SourceTitle "CBM 055"]
[Source "ChessBase"]
[SourceDate "1996.12.01"]
[SourceVersion "1"]
[SourceVersionDate "1996.12.01"]
[SourceQuality "1"]
[WhiteTeam "Germany"]
[BlackTeam "Armenia"]
[WhiteTeamCountry "GER"]
[BlackTeamCountry "ARM"]

1. d4 Nf6 2. c4 e6 3. Nf3 b6 4. g3 Bb7 5. Bg2 Bb4+ 6. Nbd2 O-O 7. O-O Bxd2 8.
Qxd2 d6 9. b3 Nbd7 10. Bb2 Be4 (10... Ne4 11. Qc2 f5 12. Rfd1 Ndf6 13. h3 Qe8
14. Rac1 Qh5 15. c5 Bd5 16. cxd6 cxd6 17. Ba3 g5 {1-0 Orsag,M-Sleich,J/Decin
op (07) ;EXT 95op 1995 (31)}) (10... Qe7 11. Rfd1 Ne4 (11... Rad8 12. d5 Rfe8
13. Nd4 exd5 14. cxd5 Kh8 15. Rac1 Rc8 16. h3 a5 17. g4 {1-0 Ikonnikov,
V-Pajeken,W/Berliner Sommer (02) ;TD 93\06 1993 (34)}) 12. Qc2 f5 13. d5 exd5
14. cxd5 Ndf6 15. Bxf6 Rxf6 16. Rac1 Rf7 17. Nd4 Re8 18. Ne6 {1-0 Maedler,
J-Lehmann,KH/OLO-A 9293 (1993) ;GER 03 1993 (53)}) 11. Bh3 $5 {Fast die
einzige Möglichkeit, den weißfeldrigen Läufer zu behalten.} (11. Rac1 a5 12. a3
Qe7 13. Rfd1 Rfb8 14. Ne5 Bxg2 15. Kxg2 Nxe5 16. dxe5 Ne8 17. exd6 cxd6 {
1/2-1/2 Prange,S-Lalic,S/Hastings Challengers 9596 (03) ;EXP 50 1995 (29)}) (
11. Rfe1 Re8 12. Bh3 c6 13. Nh4 d5 14. f3 Bg6 15. Rad1 Qc7 16. e4 dxe4 17. Nxg6
hxg6 18. fxe4 e5 19. d5 {1-0 Norwood,D-Kraut,R/Groningen op ;EXT 88op 1988 (40)
}) 11... Re8 (11... Bxf3 12. exf3 {/\d5,f4} d5 13. f4 g6 14. Rfe1 $14 {Freies
Spiel und das Läuferpaar}) 12. Nh4 {/\f3,e4} Bb7 13. d5 $5 a5 (13... exd5) 14.
f3 exd5 $6 (14... a4 15. e4 {()}) 15. Nf5 $1 Re5 (15... dxc4 $2 16. Nxg7 $1
Kxg7 17. Bxd7 Qxd7 18. Qg5+ $18) (15... h6 16. cxd5 Bxd5 17. Nxg7 Kxg7 18. Bxd7
Qxd7 19. Qxd5 $16) 16. Nxg7 $1 Kxg7 17. Bxd7 Nxd7 (17... Qxd7 18. Bxe5 dxe5 19.
Qg5+ $18) 18. f4 $16 dxc4 19. fxe5 Nxe5 (19... dxe5 20. Rad1 Bc6 21. Bxe5+ $18)
20. Rf5 Qe7 21. Raf1 Rf8 22. Qg5+ Qxg5 23. Rxg5+ Kh8 (23... Kh6 24. Bc1 $1 Ng6
25. Rc5+ Kg7 26. Rxc7 $18) 24. bxc4 Ba6 25. Rf4 f6 26. Bxe5 dxe5 27. Rxe5 Bxc4
28. a3 c5 29. Re7 b5 30. a4 $1 $18 Bb3 (30... Rd8 31. axb5 Bxb5 32. Rxf6 $18) (
30... Kg8 31. Rg4+ Kh8 32. axb5 Bxb5 33. Rgg7 $18) 31. axb5 a4 32. Rh4 Bc2 33.
Rc4 Bb3 34. Rxc5 a3 35. Rcc7 Bg8 36. Ra7 a2 37. b6 Rd8 38. b7 Rd1+ 39. Kf2 Rb1
40. Ra8 1-0

[Event "Antwerp op"]
[Site "Antwerp"]
[Date "1995.??.??"]
[Round "5"]
[White "Novikov, Igor A"]
[Black "Christiansen, Larry Mark"]
[Result "1-0"]
[WhiteElo "2580"]
[BlackElo "2590"]
[Annotator "Novikov,I"]
[PlyCount "87"]
[EventDate "1995.08.??"]
[EventType "swiss"]
[EventRounds "9"]
[EventCountry "BEL"]
[SourceTitle "CBM 050"]
[Source "ChessBase"]
[SourceDate "1996.02.01"]
[SourceVersion "1"]
[SourceVersionDate "1996.02.01"]
[SourceQuality "1"]

1. d4 Nf6 2. c4 e6 3. Nf3 b6 4. g3 Bb4+ 5. Bd2 Bxd2+ 6. Qxd2 Bb7 7. Bg2 O-O 8.
Nc3 Ne4 9. Qd3 Nxc3 $6 (9... d5 $5) (9... f5 10. Ne5 Nc5 11. dxc5 Bxg2 12. Rg1
Bc6 13. O-O-O $1 $16) 10. Ng5 Ne4 (10... Qxg5 11. Bxb7 $16 {>< Nc3}) 11. Bxe4
Bxe4 (11... d5 $2 12. Bxd5 $1 $18) 12. Qxe4 Qxg5 13. Qxa8 Nc6 14. Qb7 Nxd4 15.
Rd1 (15. Qe4 $2 Qa5+ 16. Kf1 Nb3 $17) (15. Kf1 Qd2 $146) 15... Qe5 16. e3 Nc2+
17. Ke2 (17. Kf1 d5 $1 18. cxd5 Qe4 19. Ke2 Qc4+ 20. Kf3 (20. Kd2 Nb4 $40)
20... f5 21. h3 (21. dxe6 Qg4+ 22. Kg2 Nxe3+ $10) 21... Qe4+ 22. Ke2 Qc4+ $10)
17... d5 (17... Qxb2 18. Rd2 Qc3 (18... d5 19. cxd5 (19. Qxc7 d4 $1 $132) 19...
Qb5+ (19... Qc3 20. Rc1 $16) 20. Kf3 $16) 19. Qxc7 $5 {/\ 20.Rc1} (19. Rc1
Qxc4+ (19... Nd4+ 20. Kd1 $18) 20. Kd1 d5 (20... Nxe3+ 21. fxe3 Qf1+ 22. Kc2
Qc4+ 23. Kb1 Qb5+ 24. Rb2 Qd3+ 25. Rbc2 Qxe3 26. Qxc7 $16) 21. Rdxc2 Qf1+ 22.
Kd2 Qxf2+ 23. Kd3 Qf5+ 24. Kc3 Qe5+ $13) 19... Nb4 {/\ 21...Nd5} (19... Na3 20.
Rxd7 Nxc4 21. Rhd1 $16) 20. Rxd7 $16) 18. Rd2 Qe4 (18... Qxb2 {- 17...Qxb2})
19. Rc1 Nxe3 (19... Qxc4+ 20. Kd1 {/\ b3+/-}) 20. fxe3 Qg2+ 21. Kd1 Qh1+ 22.
Kc2 Qe4+ 23. Rd3 $16 Qxc4+ (23... c5 $5 {/\ 24...b5!} 24. b3 $1 $16) 24. Rc3
Qe4+ 25. Kb3 c5 26. a3 h6 27. Ka2 (27. Qxa7 $6 d4 28. exd4 Qd5+ $1 $132) 27...
Qa4 28. Rf1 Qb5 29. Rf2 a5 30. g4 a4 31. Qc7 {/\ Qe5,g5+-} d4 32. exd4 cxd4 33.
Qc4 Qe5 34. Rd3 Rd8 35. Qxa4 Qe4 36. Rfd2 e5 37. h3 Qd5+ 38. Qb3 (38. Kb1 $5)
38... g6 39. Kb1 b5 40. Qb4 Rc8 41. Qe7 Qe4 (41... Kg7 42. Re2 Qh1+ 43. Ka2
Qd5+ 44. b3 Rc5 45. Kb2 $18) 42. Qd7 Rc6 43. Ka2 Rf6 44. Qe8+ (44. Qe8+ Kg7 45.
Rxd4 $18) 1-0

[Event "Biel GM"]
[Site "Biel"]
[Date "2002.07.24"]
[Round "3"]
[White "Tkachiev, Vladislav"]
[Black "Pelletier, Yannick"]
[Result "1/2-1/2"]
[WhiteElo "2625"]
[BlackElo "2571"]
[Annotator "Pelletier,Y"]
[PlyCount "105"]
[EventDate "2002.07.22"]
[EventType "tourn"]
[EventRounds "10"]
[EventCountry "SUI"]
[EventCategory "16"]
[SourceTitle "CBM 091"]
[Source "ChessBase"]
[SourceDate "2002.11.12"]
[SourceVersion "1"]
[SourceVersionDate "2002.11.12"]
[SourceQuality "1"]

1. d4 Nf6 2. c4 e6 3. Nf3 Bb4+ 4. Bd2 Qe7 5. g3 b6 6. Bg2 Bb7 7. O-O Bxd2 8.
Qxd2 O-O 9. Nc3 d5 10. cxd5 exd5 11. a3 $5 {Ein interessanter neuer Plan in
dieser Stellung.} Ne4 ({Nach dem logischen} 11... c5 {erhält Weiß mittels} 12.
dxc5 ({oder} 12. Nh4 $5 Qe6 (12... Rd8 13. b4 $5) 13. dxc5 bxc5 14. b4 $14)
12... bxc5 13. b4 $1 Na6 (13... cxb4 $6 14. axb4 Qxb4 $6 15. Rab1 Qe7 16. Nd4
$16) 14. bxc5 Nxc5 15. Nd4 $14 {Druckspiel}) 12. Qe3 (12. Qf4 Nxc3 13. bxc3 Nc6
$5) (12. Qc2 c5) 12... Re8 ({Es gefiel mir weniger} 12... Nd7 13. Nd2 Rfe8 {
, da Weiß nur wählen kann, welche Figur er abtauschen möchte:} 14. Bxe4 $5 dxe4
15. Nc4 {käme also in Frage.}) 13. b4 Nd7 (13... c5 14. bxc5 bxc5 15. dxc5 $14)
14. Rfc1 c6 15. Nxe4 (15. Bh3 Nd6 16. Qxe7 Rxe7 17. Bxd7 Rxd7 18. Ne5 Re7 19.
e3 f6 {ist nichts Schreckliches, da Schwarz das Feld c4 bekommt.}) 15... dxe4
16. Nd2 Nf6 17. Nc4 ({Auch nach} 17. Qb3 Rad8 18. e3 h5 19. Nc4 $14 {ist die
weiße Stellung angenehmer.}) 17... Rad8 (17... Nd5 18. Qb3) 18. Ne5 Rd6 (18...
Qd6 $6 19. Qb3) (18... Qe6 $5) 19. Qc3 h5 $5 ({Ich hielt es für nötig, am
Königsflügel meine Trümpfe auf den Tisch zu legen. Passiver wäre} 19... Nd5 20.
Qb3 f6 21. Nc4 (21. Nxc6 $2 Bxc6 22. Rxc6 Rxc6 23. Qxd5+ Qe6 24. Bxe4 Rd6 $1
$17) 21... Rdd8 22. e3 $14) 20. e3 (20. h3 h4 21. g4 Nd5 22. Qd2 $13) 20... h4
21. Qb3 $6 ({Und hier kommt die Ungenauigkeit, die dem Nachziehenden erlaubt,
auszugleichen.} 21. Rc2 Qe6 (21... Nd7 $6 22. Bxe4 Nxe5 23. dxe5 Qxe5 24. Qxe5
Rxe5 25. Bf3 $16) 22. Rac1 $14 {[%csl Rb7,Rc6] hätte den leichten Vorteil
bewahrt.}) 21... Nd7 $1 22. Nc4 ({Nun geht} 22. Bxe4 $6 Nxe5 23. dxe5 Qxe5 $36
{[%cal Gd6d2] nicht so gut, da die schwarzen Schwerfiguren grössere Aktivität
entfalten.}) (22. Nxd7 Qxd7 $132 {/\Qf5}) 22... Rh6 23. Nd2 Nf6 24. b5 {
Weiß öffnet zwar den Damenflügel, wo er besser steht, aber auch die Diagonale
des Bb7, der somit den Bauern e4 beschützen kann.} (24. Qc2 Qe6) 24... Qd7 25.
bxc6 Bxc6 26. a4 hxg3 27. fxg3 (27. hxg3 $2 Ng4 $40) 27... Ng4 28. Nf1 Rh5 $1 {
[%csl Ra4][%cal Gh5a5]} ({Eine interessante Turmschwenkung zur Schwäche a4.
Weiß hat nämlich seine Verteidigung am Königsflügel organisiert, sodass man
den Turm dort nicht mehr braucht.} 28... Bd5 29. Qb5 Bc6 {erzwingt übrigens
keine Zugwiederholung, da natürlich} 30. Qe2 {folgen kann.}) 29. Qc2 Re6 30.
Ra3 Ra5 31. Rc3 ({Es passt nicht} 31. Bh3 f5 (31... Rh6 $5) 32. Bxg4 fxg4 33.
Rc3 Bxa4 34. Rc8+ Re8 $15) 31... Bd5 $6 ({Etwas in Zeitnot geraten entschied
ich, die Stellung zu befestigen, aber man konnte auch auf a4 schlagen:} 31...
Bxa4 32. Rc8+ Re8 (32... Kh7 $6 33. Bxe4+ g6 34. Qg2 $40) 33. Rxe8+ Qxe8 34.
Qxe4 Qxe4 35. Bxe4 Bd7 36. Rc7 Nf6 {und die schwarzen Chancen sind wegen der
beiden verbundenen Freibauern als etwas höher zu bewerten.}) 32. h3 $5 ({
Ebenfalls unklar sind die Folgen von} 32. Rc8+ Re8 33. Bh3 f5 34. Bxg4 fxg4 35.
Rc7 Qxa4 36. Qe2 Be6 $13) 32... Nf6 33. g4 Qxa4 ({Nach} 33... Rxa4 34. Rc7 Qb5
35. Qf2 Ra2 36. Qf4 $36 {würde Weiß zur Offensive kommen}) 34. Qf2 (34. Rc8+
Re8) 34... Rc6 $5 $138 35. Rxc6 Bxc6 36. Ng3 Bd7 37. Qf4 $138 (37. Nxe4 Nxe4
38. Bxe4 Qa3 39. Rc7 Qd6 {wäre ausgeglichen.}) 37... Qa3 $1 38. Rf1 Qe7 (38...
Bb5 39. Rf2 Qc1+ 40. Kh2 Ra1 41. Nf5 $1 $16) 39. Nxe4 Nd5 $6 ({Zum Glück
erweist sich dieser Zeitnotzug nur als ungenau, aber Schwarz hält sich dann
nur um einen Faden. Nach dem richtigen} 39... Nxe4 40. Bxe4 Ra3 $11 {wäre
nicht viel losgewesen.}) 40. Qb8+ Qf8 (40... Qe8 $2 41. Qxe8+ Bxe8 42. Nd6 $36)
41. Qg3 (41. Qxf8+ Kxf8 42. Nd6 Be6) 41... Qe7 ({Bei meinen Überlegungen über} 
41... Ra3 $5 42. Nd6 Rxe3 43. Qf2 Qxd6 44. Qxf7+ Kh7 45. Qh5+ Kg8 46. Bxd5+ {
vergass ich, dass der Läufer nach} Be6 $11 {auch noch vom Re3 gedeckt ist.})
42. g5 $5 (42. Nd6 $6 {bringt nichts ein:} Qxe3+ 43. Qxe3 Nxe3 44. Rxf7 Be6 45.
Re7 Nxg2 (45... Ra1+ 46. Kf2 Bd5 $13) 46. Kxg2 Bd5+ $36) 42... Ra3 43. Qb8+ ({
Vlad Tkachiev dachte lange über die Folgen von} 43. g6 {nach, aber überzeugte
sich, dass Schwarz nach} fxg6 {überhaupt nicht in Gefahr ist:} (43... f5 44.
Qb8+ Qe8 (44... Qf8 45. Qb7 $1) 45. Qxe8+ Bxe8 46. Nd6 Nxe3 47. Nxe8 Nxf1 48.
Kxf1 $13) 44. Qxg6 (44. Qb8+ Be8 (44... Qe8 45. Qd6 Ra5 $13) 45. Nd6 Qxe3+ 46.
Kh1 (46. Kh2 Qg3+ 47. Kh1 Kh7 $1 $19) 46... Nf6 $15) 44... Be8 45. Qd6 Qxd6 46.
Nxd6 Nxe3 47. Nxe8 Nxf1 48. Kxf1 a5 $15) 43... Qf8 ({Nun aber nicht} 43... Kh7
$6 44. g6+ $1 Kxg6 {wegen} 45. Rf3 $1 (45. Qh8 Rxe3 $19) (45. Qg3+ Kh6 $17)
45... f6 (45... Rxe3 46. Qg3+) 46. Qg8 Rxe3 47. Qxd5 Be6 48. Qa8 Rxf3 49. Bxf3
$16) 44. Qxf8+ (44. Qb7 $6 Be6 45. g6 Nxe3 46. gxf7+ Bxf7 47. Rf2 Ra1+ (47...
Nxg2 48. Rxf7 $1 Qxf7 49. Qa8+ Qf8 50. Qd5+ $11) 48. Kh2 Ra2 $17) (44. Qd6 $6
Be6 $1) (44. Qe5 $2 Nxe3) 44... Kxf8 45. Nd6 Be6 (45... Ke7 $2 46. Nc4 $18) 46.
Bxd5 (46. Nxf7 $2 Nxe3 $19) 46... Bxd5 47. e4 Be6 $1 ({Verspricht das
Unentschieden, während die Alternativen} 47... Rg3+ $2 48. Kh2 Rxg5 49. exd5
Rxd5 50. Rxf7+ $1 (50. Nxf7 Rxd4 51. Ng5+ Ke8 $11) 50... Kg8 51. Rd7 a5 (51...
Rxd4 52. Rxg7+ Kxg7 53. Nf5+ Kf6 54. Nxd4 $18) 52. Rd8+ (52. Kg3 a4) 52... Kh7
53. Nf7 Rxd8 54. Nxd8 a4 55. Nc6 a3 56. Nb4 $18 {und}) (47... Ba2 $6 48. d5 f6
(48... Ke7 49. Nf5+) 49. gxf6 Rxh3 50. fxg7+ Kxg7 51. Rf7+ Kg6 52. Rxa7 Bb3 53.
Nc8 {kaum gerettet hätten.}) 48. d5 Rg3+ $1 49. Kh2 ({Oder} 49. Kf2 Bxh3 50.
Rc1 (50. Ra1 Rg2+ 51. Kf3 Rxg5 52. Rxa7 Rg6 53. Nc4 f5 $11) 50... Rxg5 51. Rc7
f6 52. Rxa7 $11) 49... Rxh3+ 50. Kg2 Rd3 {[%cal Ge6h3,Gd3d6]} 51. dxe6 Rxd6 52.
Rxf7+ Kg8 53. Rxa7 1/2-1/2